书目信息 |
| 题名: |
名犬
|
|
| 作者: | 马泰 著 ;邓毓珂 译 | |
| 分册: | ||
| 出版信息: | 上海 上海文化出版社 2019 |
|
| 页数: | 164页 | |
| 开本: | 21cm | |
| 丛书名: | ||
| 单 册: | ||
| 中图分类: | S829.2 | |
| 科图分类: | ||
| 主题词: | 犬--介绍--世界 | |
| 电子资源: | ||
| ISBN: | 978-7-5535-1536-6 | |
| 000 | 00995nam0 2200277 450 | |
| 001 | 012001002612 | |
| 005 | 20140101174854.0 | |
| 010 | @a978-7-5535-1536-6@b精装@dCNY55.00 | |
| 100 | @a20190711d2019 em y0chiy50 ea | |
| 101 | 1 | @achi@cfre |
| 102 | @aCN@b310000 | |
| 105 | @aa z 001yy | |
| 106 | @ar | |
| 200 | 1 | @a名犬@Aming quan@f(法)克里斯特尔·马泰著@g邓毓珂译 |
| 210 | @a上海@c上海文化出版社@d2019 | |
| 215 | @a164页@c图,照片@d21cm | |
| 305 | @a版权归北京凤凰壹力文化发展有限公司所有 | |
| 312 | @a法文原名:100 chiens de legende | |
| 330 | @a本书汇集了传说中和现实中的名犬,从神话中的神犬到现实中的宠物犬,从为全人类的发展作出贡献的实验犬到贵妇怀中的明星犬,从举世闻名的名贵犬到曾经饱受争议的“热狗”,讲述了关于犬类的传奇故事。 | |
| 510 | 1 | @a100 chiens de legende@zfre |
| 606 | 0 | @a犬@x介绍@y世界 |
| 690 | @aS829.2@v5 | |
| 701 | 0 | @c(法)@a马泰@Ama tai@4著 |
| 702 | 0 | @a邓毓珂@Adeng yu ke@4译 |
| 801 | 0 | @aCN@b北京卓展@c20191020 |
| 905 | @b1204066-9@dS829.2@e198@f4 | |
| 名犬/(法)克里斯特尔·马泰著/邓毓珂译.-上海:上海文化出版社,2019 |
| 164页:图,照片;21cm |
| ISBN 978-7-5535-1536-6(精装):CNY55.00 |
| 本书汇集了传说中和现实中的名犬,从神话中的神犬到现实中的宠物犬,从为全人类的发展作出贡献的实验犬到贵妇怀中的明星犬,从举世闻名的名贵犬到曾经饱受争议的“热狗”,讲述了关于犬类的传奇故事。 |
| ● |
| 相关链接 |
|
|
|
|
正题名:名犬
索取号:S829.2/198
 
预约/预借
| 序号 | 登录号 | 条形码 | 馆藏地/架位号 | 状态 | 备注 |
| 1 | 1204066 | 212040664 | 第二样本阅览室/ [索取号:S829.2/198] | 在馆 | |
| 2 | 1204067 | 212040673 | 第三借阅区/ [索取号:S829.2/198] | 在馆 | |
| 3 | 1204068 | 212040682 | 第三借阅区/ [索取号:S829.2/198] | 在馆 | |
| 4 | 1204069 | 212040691 | 第三借阅区/ [索取号:S829.2/198] | 在馆 |